000 01068cam a2200313 i 4500
001 17507540
003 EG-ScBUE
005 20230326102246.0
008 121024s2013 mau f b 001 0 eng d
020 _a9780240818603
040 _aDLC
_beng
_erda
_cDLC
_dDLC
_dEG-ScBUE
082 0 4 _a791.44028
_222
_bSTE
100 1 _aStephenson, Alan R.,
_eauthor.
245 1 0 _aBroadcast announcing worktext :
_ba media performance guide /
_cAlan Stephenson, David Reese, Mary Beadle.
250 _aFourth edition.
264 1 _aBurlington ;
_aOxon :
_bFocal Press & Taylor & Francis Group,
_c2013.
300 _axxv, 347 pages :
_billustrations ;
_c28 cm
336 _2rdacontent
_atext
_btxt
337 _2rdamedia
_aunmediated
_bn
338 _2rdacarrier
_avolume
_bnc
504 _aIncludes bibliographical references and index.
650 7 _aRadio announcing.
_2BUEsh
650 7 _aTelevision announcing.
_2BUEsh
653 _bCOMAME
_cApril2018
655 _vText book
700 1 _aReese, David E.,
_eauthor.
700 1 _aBeadle, Mary E.,
_eauthor.
942 _2ddc
_cBB
999 _c26503
_d26475